000 00421nam a2200157Ia 4500
003 IQ-KOUCL
041 _aArabic
082 _a810,815 cut-429 ب
100 _a20260118u\\\\\\\\\\\y0engy0103\\\\ba
100 _aبيشرو سيد برايم
245 0 _aمقالات كتبتها بالعربية
250 _aط1
260 _bمطبعة شهاب
_aاربيل - العراق
_c2010
300 _a156
942 _cBk
999 _c187397
_d187397